000 00659nam a2200205Ia 4500
003 GCL
008 140319s9999 xx 000 0 ara d
040 _aGCL /
_cGCL
082 0 4 _a823.03
_bف ف
100 1 _aمحمود مسعود
245 1 0 _a20.000 فرسخ تحت سطح البحر /
_cمحمود مسعود
700 1 _aحسين محمد القبانى (ترجمة)
700 1 _aفرن، جولز
300 _a472 ص
490 _aالالف كتاب
_v0
650 0 4 _aالقصص الانجليزية
650 0 4 _aالقصص الانجليزية المترجمة
650 0 4 _aالادب الانجليزى المترجم
942 _2ddc
_cBK
999 _c45867
_d45867